Optimización del proceso de diseño de mezcla y fabricación de bloques de mampostería en escala reducida
Zapisane w:
| 1. autor: | |
|---|---|
| Format: | Książka |
| Wydane: |
[San José, Costa Rica]
2005
|
| Hasła przedmiotowe: | |
| Etykiety: |
Dodaj etykietę
Nie ma etykietki, Dołącz pierwszą etykiete!
|
MARC
| LEADER | 00000nam a2200000Ia 4500 | ||
|---|---|---|---|
| 003 | 009602 | ||
| 005 | 20221231144127.0 | ||
| 008 | 140114s2005 cr a m 000 ||s d | ||
| 040 | |c cru CEDI | ||
| 090 | |a TFG 5143 | ||
| 100 | |a Castro Morales, Ricardo |9 5855 | ||
| 245 | |a Optimización del proceso de diseño de mezcla y fabricación de bloques de mampostería en escala reducida | ||
| 260 | |c 2005 |a [San José, Costa Rica] | ||
| 300 | |a xi, 139 hojas : ilustraciones, (principalmente a color) | ||
| 500 | |a Proyecto de graduación (licenciatura en ingeniería civil)--Universidad de Costa Rica. Facultad de Ingeniería. Escuela de Ingeniería Civil | ||
| 650 | |x MAMPOSTERIA |x BLOQUES DE HORMIGON |x DISEÑO DE ESTRUCTURAS |x DUCTILIDAD |x RESISTENCIA DE MATERIALES |9 695 | ||
| 942 | |c TFG | ||
| 999 | |c 17280 |d 17280 | ||
